<?xml version='1.0' encoding='UTF-8'?>
  <record xmlns="http://www.loc.gov/MARC21/slim">
    <leader>00000ctm a2200000 i 4500</leader>
    <controlfield tag="001">on1079055654</controlfield>
    <controlfield tag="003">OCoLC</controlfield>
    <controlfield tag="005">20240210061653.1</controlfield>
    <controlfield tag="008">181217s1650    ne            000 0 grc d</controlfield>
    <datafield tag="040" ind1=" " ind2=" ">
      <subfield code="a">QGJ</subfield>
      <subfield code="b">eng</subfield>
      <subfield code="e">rda</subfield>
      <subfield code="e">dcrmmss</subfield>
      <subfield code="c">QGJ</subfield>
      <subfield code="d">OCLCQ</subfield>
      <subfield code="d">OCLCO</subfield>
      <subfield code="d">OCLCL</subfield>
    </datafield>
    <datafield tag="035" ind1=" " ind2=" ">
      <subfield code="a">(OCoLC)1079055654</subfield>
    </datafield>
    <datafield tag="041" ind1="1" ind2=" ">
      <subfield code="a">grc</subfield>
      <subfield code="h">lat</subfield>
    </datafield>
    <datafield tag="130" ind1="0" ind2=" ">
      <subfield code="a">Catonis disticha.</subfield>
      <subfield code="l">Greek</subfield>
      <subfield code="s">(Planudes)</subfield>
    </datafield>
    <datafield tag="245" ind1="1" ind2="0">
      <subfield code="a">Katōnos Rhōmaiou Gnōmai parainetikai distichoi /</subfield>
      <subfield code="c">has metēnenken ek tēs tōn Latinōn phōnēs eis tēn Hellada dialekton, Maximos monachos ho Planoudēs,</subfield>
      <subfield code="f">UBU Hs. 14 (Hs 1 A 9 dl 4).</subfield>
    </datafield>
    <datafield tag="246" ind1="3" ind2=" ">
      <subfield code="a">Gnōmai parainetikai distichoi</subfield>
    </datafield>
    <datafield tag="264" ind1=" " ind2="0">
      <subfield code="a">[Netherlands?],</subfield>
      <subfield code="c">[approximately 1650?]</subfield>
    </datafield>
    <datafield tag="300" ind1=" " ind2=" ">
      <subfield code="a">9, [1] pages ;</subfield>
      <subfield code="c">327 x 210 (227 X 135) mm</subfield>
    </datafield>
    <datafield tag="336" ind1=" " ind2=" ">
      <subfield code="a">text</subfield>
      <subfield code="b">txt</subfield>
      <subfield code="2">rdacontent</subfield>
    </datafield>
    <datafield tag="337" ind1=" " ind2=" ">
      <subfield code="a">unmediated</subfield>
      <subfield code="b">n</subfield>
      <subfield code="2">rdamedia</subfield>
    </datafield>
    <datafield tag="338" ind1=" " ind2=" ">
      <subfield code="a">volume</subfield>
      <subfield code="b">nc</subfield>
      <subfield code="2">rdacarrier</subfield>
    </datafield>
    <datafield tag="340" ind1=" " ind2=" ">
      <subfield code="a">paper</subfield>
      <subfield code="2">rdamat</subfield>
    </datafield>
    <datafield tag="340" ind1=" " ind2=" ">
      <subfield code="k">2 columns</subfield>
    </datafield>
    <datafield tag="500" ind1=" " ind2=" ">
      <subfield code="a">At head of page 1: Manus est M. Meibomii.</subfield>
    </datafield>
    <datafield tag="500" ind1=" " ind2=" ">
      <subfield code="a">On flyleaf opposite page 1: Catonis Disticha ex Paraphrasi Graeca Planudae a M. Meibomii ex Cod. Antiq. descripta, et collata cum edit. Veneta an. 1545. adscriptis glossis &amp; variantibus lectionibus.</subfield>
    </datafield>
    <datafield tag="524" ind1="8" ind2=" ">
      <subfield code="a">Cite as: Universiteitsbibliotheek Utrecht Hs. 14 (Hs 1 A 9 dl 4).</subfield>
    </datafield>
    <datafield tag="563" ind1=" " ind2=" ">
      <subfield code="a">In portfolio (pasteboards covered with marbeld paper) together with 6 other items.</subfield>
    </datafield>
    <datafield tag="581" ind1=" " ind2=" ">
      <subfield code="a">P.A. Tiele, Catalogus codicum manu scriptorum Bibliothecae Universitatis Rheno-Trajectinae. I. Trajecti ad Rhenum / Hagae Comitis 1887. P. 4.</subfield>
    </datafield>
    <datafield tag="581" ind1=" " ind2=" ">
      <subfield code="a">H. Omont, 'Catalogue des manuscrits grecs des bibliothèques publiques des Pays Bas (Leyde excepté)', in: Centralblatt für Bibliothekswesen 4 (1887), p. 205-211. p. 208-209 nr. 45.</subfield>
    </datafield>
    <datafield tag="630" ind1="0" ind2="0">
      <subfield code="a">Catonis disticha.</subfield>
    </datafield>
    <datafield tag="650" ind1=" " ind2="0">
      <subfield code="a">Aphorisms and apothegms.</subfield>
    </datafield>
    <datafield tag="650" ind1=" " ind2="0">
      <subfield code="a">Maxims, Latin</subfield>
      <subfield code="v">Translations into Greek.</subfield>
    </datafield>
    <datafield tag="650" ind1=" " ind2="0">
      <subfield code="a">Aphorisms and apothegms</subfield>
      <subfield code="v">Early works to 1800.</subfield>
    </datafield>
    <datafield tag="650" ind1=" " ind2="2">
      <subfield code="a">Aphorisms and Proverbs as Topic</subfield>
    </datafield>
    <datafield tag="650" ind1=" " ind2="6">
      <subfield code="a">Aphorismes et apophtegmes.</subfield>
    </datafield>
    <datafield tag="650" ind1=" " ind2="6">
      <subfield code="a">Aphorismes et apophtegmes</subfield>
      <subfield code="v">Ouvrages avant 1800.</subfield>
    </datafield>
    <datafield tag="650" ind1=" " ind2="7">
      <subfield code="a">aphorisms.</subfield>
      <subfield code="2">aat</subfield>
    </datafield>
    <datafield tag="630" ind1="0" ind2="7">
      <subfield code="a">Catonis disticha.</subfield>
      <subfield code="2">fast</subfield>
      <subfield code="0">(OCoLC)fst01359400</subfield>
    </datafield>
    <datafield tag="650" ind1=" " ind2="7">
      <subfield code="a">Aphorisms and apothegms.</subfield>
      <subfield code="2">fast</subfield>
      <subfield code="0">(OCoLC)fst00811330</subfield>
    </datafield>
    <datafield tag="650" ind1=" " ind2="7">
      <subfield code="a">Maxims, Latin.</subfield>
      <subfield code="2">fast</subfield>
      <subfield code="0">(OCoLC)fst01012649</subfield>
    </datafield>
    <datafield tag="653" ind1=" " ind2="0">
      <subfield code="a">Aphorisms and apothegms</subfield>
      <subfield code="a">Early works to 1800</subfield>
    </datafield>
    <datafield tag="653" ind1=" " ind2="0">
      <subfield code="a">Maxims, Latin</subfield>
      <subfield code="a">Translations into Greek</subfield>
    </datafield>
    <datafield tag="655" ind1=" " ind2="7">
      <subfield code="a">Early works.</subfield>
      <subfield code="2">fast</subfield>
      <subfield code="0">(OCoLC)fst01411636</subfield>
    </datafield>
    <datafield tag="655" ind1=" " ind2="7">
      <subfield code="a">Translations.</subfield>
      <subfield code="2">fast</subfield>
      <subfield code="0">(OCoLC)fst01423791</subfield>
    </datafield>
    <datafield tag="700" ind1="1" ind2=" ">
      <subfield code="a">Planudes, Maximus,</subfield>
      <subfield code="d">approximately 1260-approximately 1310,</subfield>
      <subfield code="e">translator.</subfield>
      <subfield code="4">trl</subfield>
      <subfield code="1">https://id.oclc.org/worldcat/entity/E39PCjChxM3b9YKxMrcJtMdBbm</subfield>
    </datafield>
    <datafield tag="700" ind1="1" ind2=" ">
      <subfield code="a">Meibom, Marcus,</subfield>
      <subfield code="d">1630-1711,</subfield>
      <subfield code="e">scribe.</subfield>
      <subfield code="4">scr</subfield>
      <subfield code="1">https://id.oclc.org/worldcat/entity/E39PBJfGT9c9gWbCwhKhvmWdQq</subfield>
    </datafield>
    <datafield tag="710" ind1="2" ind2=" ">
      <subfield code="a">Universiteit Utrecht.</subfield>
      <subfield code="b">Bibliotheek.</subfield>
      <subfield code="k">Manuscript</subfield>
      <subfield code="n">(UBU Hs. 14 (Hs 1 A 9 dl 4th))</subfield>
    </datafield>
    <datafield tag="758" ind1=" " ind2=" ">
      <subfield code="i">has work:</subfield>
      <subfield code="a">Katōnos Rhōmaiou Gnōmai parainetikai distichoi UBU Hs. 14 (Hs 1 A 9 dl 4) (Text)</subfield>
      <subfield code="1">https://id.oclc.org/worldcat/entity/E39PCGKH8tr4K3hdJKf8JKGQWP</subfield>
      <subfield code="4">https://id.oclc.org/worldcat/ontology/hasWork</subfield>
    </datafield>
  </record>